University Home | Library Home | Institutional Repository

The yeasts : (Record no. 134455)

MARC details
000 -LEADER
fixed length control field 00693cam1a220022900 4500
001 - CONTROL NUMBER
control field tmp15682541
003 - CONTROL NUMBER IDENTIFIER
control field UPRA
005 - DATE AND TIME OF LATEST TRANSACTION
control field 20190822120104.0
008 - FIXED-LENGTH DATA ELEMENTS--GENERAL INFORMATION
fixed length control field 951003s1967 ne eng u
035 ## - SYSTEM CONTROL NUMBER
System control number (Sirsi) r94957
035 ## - SYSTEM CONTROL NUMBER
System control number (UPRA)tmp15682541
040 ## - CATALOGING SOURCE
Transcribing agency UPRA
100 1# - MAIN ENTRY--PERSONAL NAME
Personal name Lodder, Jacomina.
Linkage A52647.1
245 14 - TITLE STATEMENT
Title The yeasts :
Remainder of title a taxonomic study /
Statement of responsibility, etc. by J. Lodder and N.J.W. Kreger-van Rij.
260 ## - PUBLICATION, DISTRIBUTION, ETC.
Place of publication, distribution, etc. Amsterdam :
Name of publisher, distributor, etc. North-Holland,
Date of publication, distribution, etc. 1967.
500 ## - GENERAL NOTE
General note First published in 1952.
504 ## - BIBLIOGRAPHY, ETC. NOTE
Bibliography, etc. note Includes bibliographies.
650 #0 - SUBJECT ADDED ENTRY--TOPICAL TERM
Topical term or geographic name entry element Yeast.
Linkage S6826.1
700 2# - ADDED ENTRY--PERSONAL NAME
Personal name Kreger-Van Rij, N. J. W.
Linkage A53593.1
949 ## - LOCAL PROCESSING INFORMATION (OCLC)
a QR151
w lcc
i -134065
m MAIN
t BOOK
l ON-SHELF

No items available.

© 2026 - The University of Zambia Library - Koha v25.11